000 06497nam a22005777a 4500
005 20120119120134.0
010 _aB-468656-684
020 _a9788179931363
_c150.00
035 _aB-468656-684
037 _adpl
_bBlue Berry/Ven
082 _a333.7924
100 _aSen, Moen
_950632
245 _aEnergy from the Nucleus of an Atom /
_cby Moen Sen; edited by Madhu Singh Sirohi
260 _aNew Delhi
_bThe Energy and Resources Institute, TERI Press,
_c2009
270 _aDarbari Seth Block, IHC Complex, Lodhi Road
_bNew Delhi
_e110003
_k26482100/4150
300 _a30 p
_bill (col)
_c26cm (Hb)
490 _aSuper-powered earth
_950633
700 _aSirohi, Madhu Singh
_939670
942 _2ddc
_cCH
_mSEN
_h333.7924
999 _c61242
_d61242